Top 10 Città più popolose Città Metropolitana di Torino - Statistics

Statistiche generali
  • Questo quiz è stato fatto 92 volte
  • Il punteggio medio è 7 su 10
Statistiche sulle risposte
Popolazione (ab.) Città % Corretto
849 795 Torino
96%
56 517 Moncalieri
89%
46 833 Settimo Torinese
78%
46 576 Nichelino
77%
47 364 Rivoli
77%
35 575 Pinerolo
72%
35 962 Chieri
69%
49 175 Collegno
68%
36 732 Grugliasco
68%
32 883 Venaria Reale
55%
Nessun quiz corrispondente trovato
Distribuzione punteggi
Percentuale di utenti per punteggio
Percentile per numero di risposta
I tuoi punteggi nel tempo
Non hai fatto questo quiz